Addressing base erosion and profit shifting

Guardado en:
Detalles Bibliográficos
Formato: Libro
Lenguaje:inglés
Publicado: Paris OECD 2013
Materias:
Etiquetas: Agregar Etiqueta
Sin Etiquetas, Sea el primero en etiquetar este registro!

MARC

LEADER 00000nam a2200000 4500
001 0181412
005 20240315120333.3
020 |a 978-92-64-19265-2 
041 0 |a eng 
044 |a FR 
245 1 0 |a Addressing base erosion and profit shifting 
264 1 |a Paris  |b OECD  |c 2013 
300 |a 87 s. 
610 2 0 |a podnik 
610 2 0 |a dane z príjmov 
610 2 0 |a riadenie podnikové 
610 2 0 |a konkurencieschopnosť 
610 2 0 |a zdaňovanie 
610 2 0 |a podnikanie v zahraničí 
610 2 0 |a zisk 
610 2 0 |a plánovanie 
610 2 0 |a administratíva